00193nam a2200073Ia 4500082001200000245002500012100004100037008004100078 aAF LEMM 0aOm die berg te klim  a LEMMER, Cornelia Kaapstad, 2002 210817s9999 xx 000 0 und d